Revista valenciana de derecho / (Record no. 2021)
[ view plain ]
| 000 -LEADER | |
|---|---|
| campo de control de longitud fija | 00795nas a2200253 i 4500 |
| 001 - NÚMERO DE CONTROL | |
| campo de control | 2021 |
| 003 - IDENTIFICADOR DE NÚMERO DE CONTROL | |
| campo de control | ES-MaACL |
| 005 - FECHA Y HORA DE LA ÚLTIMA TRANSACCIÓN | |
| campo de control | 20250809062533.0 |
| 007 - CAMPO FIJO DE DESCRIPCIÓN FÍSICA--INFORMACIÓN GENERAL | |
| campo de control de longitud fija | t| |
| 008 - DATOS DE LONGITUD FIJA--INFORMACIÓN GENERAL | |
| campo de control de longitud fija | 950801c1944 sp | | 1 ||pa d |
| 080 ## - NÚMERO DE LA CLASIFICACIÓN DECIMAL UNIVERSAL | |
| Número de la Clasificación Decimal Universal | 34 |
| 245 00 - MENCIÓN DEL TÍTULO | |
| Título | Revista valenciana de derecho / |
| Mención de responsabilidad, etc. | dir. Augusto Vicente Almela. |
| 260 ## - PUBLICACIÓN, DISTRIBUCIÓN, ETC. | |
| Lugar de publicación, distribución, etc. | Valencia : |
| Nombre del editor, distribuidor, etc. | Revista Valenciana de Derecho, |
| Fecha de publicación, distribución, etc. | 1944. |
| 300 ## - DESCRIPCIÓN FÍSICA | |
| Extensión | 33 v. ; |
| Dimensiones | 24 cm. |
| 310 ## - PERIODICIDAD ACTUAL | |
| Periodicidad actual | Mensual |
| 362 0# - FECHAS DE PUBLICACIÓN Y/O DESIGNACIÓN SECUENCIAL | |
| Fecha de publicación y/o designación secuencial | Año 1, n. 1 (oct. 1944)-año 1, n. 2 (nov. 1944) |
| 500 ## - NOTA GENERAL | |
| Nota general | Los índices van colocados junto con la revista. |
| 650 17 - PUNTO DE ACCESO ADICIONAL DE MATERIA--TÉRMINO DE MATERIA | |
| Término de materia o nombre geográfico como elemento de entrada | Derecho |
| Fuente del encabezamiento o término | embne |
| 9 (RLIN) | 11602 |
| 700 1# - ENTRADA AGREGADA--NOMBRE PERSONAL | |
| Nombre de persona | Vicente y Almela, Augusto, |
| Término indicativo de función/relación | |
| 9 (RLIN) | 194346 |
| 785 00 - ENTRADA/ENLACE A UN TÍTULO POSTERIOR | |
| Encabezamiento principal | Revista general de derecho |
| Lugar, editor y fecha de publicación | 1945- |
| 852 ## - LOCALIZACIÓN | |
| Ubicación | ES-MaACL |
| Número de control de estantería | HEM-D-77 |
| Encuadernación | Hem-1268 |
| Signatura antigua | |
| 866 #0 - MENCIÓN TEXTUAL DE FONDOS--UNIDAD BIBLIOGRÁFICA BÁSICA | |
| Fondos | 1944-68. |
| Estatus retirado | Estado de pérdida | Estado de daño | No para préstamo | Colección | Biblioteca de origen | Biblioteca actual | Ubicación en estantería | Fecha de adquisición | Fuente de adquisición | Total de préstamos | Signatura topográfica completa | Código de barras | Visto por última vez | Precio de reemplazo | Tipo de ítem Koha |
|---|---|---|---|---|---|---|---|---|---|---|---|---|---|---|---|
| Periódicos y Revistas | Biblioteca del Ateneo de Madrid | Biblioteca del Ateneo de Madrid | Depósito | 17/01/2008 | HEM-D-77 | 1002060 | 23/02/2023 | 23/02/2023 | Revista |
